| Поле | Инд. | ПП | Название | Значение |
|---|---|---|---|---|
| Тип записи | a | |||
| Библиографический уровень | m | |||
| 001 | Контрольный номер | 9ed6a4ed-2ce3-43aa-9900-511b66d1627c | ||
| 005 | Дата корректировки | 20131111174923.1 | ||
| 008 | Кодируемые данные | 000317 d | ||
| 020 | a | ISBN | 5-86318-096-Х | |
| c | Цена, тираж | 10 000-00 | ||
| 080 | a | Индекс УДК | 947.0(075.8) | |
| 084 | a | Индекс другой классификации/Индекс ББК | Т3(2)4-7я731-1 | |
| 090 | x | Авторский знак | К49 | |
| a | Полочн. индекс | Т3(2)4 | ||
| 100 | 1_ | a | Автор | Клибанов Александр Ильич |
| 245 | 10 | a | Заглавие | Духовная культура средневековой Руси |
| b | Продолж. заглавия | Материалы к курсу "Культура древней Руси" : Пособие для вузов | ||
| c | Ответственность | А. И. Клибанов | ||
| 260 | 0_ | a | Место издания | Москва |
| b | Издательство | Аспект Пресс | ||
| c | Дата издания | 1994 | ||
| 300 | a | Объем | 366,[1] с | |
| 500 | a | Примечание | На тит. л. и обл. : Программа "Обновление гуманит. образования в России". | |
| 504 | a | Библиография | Библиогр. в конце глав. | |
| 650 | a | Основная рубрика | Культура | |
| x | Основная подрубрика | История | ||
| z | Географическая подрубрика | Древняя Русь | ||
| z | Географическая подрубрика | Россия | ||
| 650 | a | Основная рубрика | Древнерусская культура | |
| x | Основная подрубрика | Учебники для вузов | ||
| 653 | a | Ключевые слова | Древнерусская культура | |
| a | Ключевые слова | Древняя Русь | ||
| a | Ключевые слова | История Древней Руси | ||
| a | Ключевые слова | История России | ||
| a | Ключевые слова | Духовная культура Древней Руси | ||
| a | Ключевые слова | Культура Древней Руси | ||
| a | Ключевые слова | Учебники | ||
| 852 | t | Порядковый номер экземпляра | 3 | |
| p | Инвентарный номер | 663392 | ||
| p | Инвентарный номер | 663394 | ||
| p | Инвентарный номер | 663393 | ||
| 930 | a | Новая/Ретро | учебники | |
| 954 | a | Дата поступления на обработку | 19951201 | |
| 999 | a | Подразделение 2 | ч.з. |